| 000 | 00494nam a2200181 a 4500 | ||
|---|---|---|---|
| 005 | 20140412111221.0 | ||
| 008 | 001117s19uu xx 00 eng d | ||
| 020 | _a0-7214-1017-0 | ||
| 050 |
_aER _bGr75 1985 |
||
| 100 | _aMcCullagh, Sheila | ||
| 245 |
_aMr Grimble grumbles / _cShiela M. McCullagh; illustrated by Martin Aitchison. |
||
| 260 |
_aUK : _bLadybird, _c1985. |
||
| 300 | _a43 p. | ||
| 440 | _aPuddle lane | ||
| 650 | _aMagic -- Fiction | ||
| 650 | _aReading | ||
| 999 |
_c101929 _d101929 |
||